INFORME FINAL DE EJERCICIO PROFESIONAL SUPERVISADO, DISEÑO Y PLANIFICACIÓN DE PUENTE VEHICULAR EN ALDEA CHIJOU Y SISTEMA DE ABASTECIMIENTO DE AGUA POTABLE EN ALDEA CHIXAJAU, Y FORTALECIMIENTO DE LA SEGURIDAD ALIMENTARIA NUTRICIONAL EN COMUNIDADES RURALES, SANTA CRUZ VERAPAZ, ALTA VERAPAZ./ (Registro nro. 2068)

Detalles MARC
000 -LEADER
campo de control de longitud fija 03504nam a22003377a 4500
001 - NÚMERO DE CONTROL
campo de control TIC 0021
003 - IDENTIFICADOR DE NÚMERO DE CONTROL
campo de control gtcocun
005 - FECHA Y HORA DE LA ÚLTIMA TRANSACCIÓN
campo de control 20250922201752.0
006 - CÓDIGOS DE INFORMACIÓN DE LONGITUD FIJA--CARACTERÍSTICAS DEL MATERIAL ADICIONAL
campo de control de longitud fija a||||gr|||| 00| 0
007 - CAMPO FIJO DE DESCRIPCIÓN FÍSICA--INFORMACIÓN GENERAL
campo de control de longitud fija ta
008 - DATOS DE LONGITUD FIJA--INFORMACIÓN GENERAL
campo de control de longitud fija 250922b2023 gt ||||| m||| 00| 0 eng d
040 ## - FUENTE DE CATALOGACIÓN
Centro catalogador/agencia de origen gtcocun
Lengua de catalogación SPA
Centro/agencia transcriptor gtcocun
Normas de descripción RDA
041 ## - CÓDIGO DE IDIOMA
Código de lengua del texto/banda sonora o título independiente SPA TIC 0021
084 ## - OTRO NÚMERO DE CLASIFICACIÓN
Número de control del registro de autoridad o número normalizado TIC 0021
100 ## - ENTRADA PRINCIPAL--NOMBRE DE PERSONA
Nombre de persona Dubón Arévalo, Edwin Alberto
Término indicativo de función/relación Autor
245 ## - MENCIÓN DEL TÍTULO
Título INFORME FINAL DE EJERCICIO PROFESIONAL SUPERVISADO, DISEÑO Y PLANIFICACIÓN DE PUENTE VEHICULAR EN ALDEA CHIJOU Y SISTEMA DE ABASTECIMIENTO DE AGUA POTABLE EN ALDEA CHIXAJAU, Y FORTALECIMIENTO DE LA SEGURIDAD ALIMENTARIA NUTRICIONAL EN COMUNIDADES RURALES, SANTA CRUZ VERAPAZ, ALTA VERAPAZ./
Mención de responsabilidad, etc. Edwin Alberto Dubón Arévalo.
Medio Impreso
264 ## - PRODUCCIÓN, PUBLICACIÓN, DISTRIBUCIÓN, FABRICACIÓN Y COPYRIGHT
Producción, publicación, distribución, fabricación y copyright Cobán, Alta Verapaz:
Nombre del de productor, editor, distribuidor, fabricante Universidad de San Carlos de Guatemala, Centro Universitario del Norte, Ingeniería Civil
Fecha de producción, publicación, distribución, fabricación o copyright 2023
300 ## - DESCRIPCIÓN FÍSICA
Extensión 341 p.:
Otras características físicas Ilustraciones, gráficas.
Dimensiones 28 cm;
300 ## - DESCRIPCIÓN FÍSICA
Dimensiones PDF
336 ## - TIPO DE CONTENIDO
Fuente rdacontenido
Término de tipo de contenido Texto
Código de tipo de contenido txt
337 ## - TIPO DE MEDIO
Fuente rdamedio
Nombre/término del tipo de medio Computadora
Código del tipo de medio n
338 ## - TIPO DE SOPORTE
Fuente rdasoporte
Nombre/término del tipo de soporte Código en línea
Código del tipo de soporte cr
502 ## - NOTA DE TESIS
identificador de la tesis TIC 0021
502 ## - NOTA DE TESIS
Nota de tesis Tesis de grado
Tipo de título Ingeniería Civil,
Nombre de la institución que otorga el título Universidad de San Carlos de Guatemala, Centro Universitario del Norte, Ingeniería Civil
Año de obtención del título 2023
Identificador de la tesis TIC 0021
520 14 - RESUMEN, ETC.
Sumario, etc. A través de la realización del Ejercicio Profesional Supervisado de la carrera de<br/>Ingeniería Civil con duración de ocho meses, realizado en la Municipalidad del municipio de Santa Cruz Verapaz del departamento de Alta Verapaz, y la integración al programa de Ejercicio Profesional Supervisado Multidisciplinario, se elaboró el presente trabajo de<br/>graduación.<br/><br/>Para la realización del diagnóstico con personal de la Dirección Municipal de<br/>Planificación se analizó el plan operativo anual de la Municipalidad, con el objetivo de establecer las necesidades del municipio y así priorizar las situaciones que requieran una pronta solución referente a los campos de la ingeniería civil, para proceder con el diseño y planificación de obras de infraestructura que solvente las referidas circunstancias.<br/><br/>Gracias a la información recopilada en la primer fase se determinó que, la Aldea Chijou necesita un puente vehicular para la libre locomoción con lo cual se genere un mayor índice de desarrollo; la Aldea Chixajau requiere un sistema de abastecimiento de agua potable<br/>que pueda satisfacer las demandas de consumo, para poder garantizar una mejora a las condiciones sanitarias; el Caserío Panahá, Caserío San Rafael II y Aldea Chixajau necesitan fortalecer la seguridad alimentaria nutricional para mejorar el desarrollo integral y social.<br/><br/>Se elaboran soluciones factibles a través de estudios técnicos, los cuales comprenden<br/>pruebas de laboratorios, memoria de cálculo, presupuesto, cronogramas, y planos que incluyen todos los pormenores constructivos para la correcta ejecución del proyecto con base en normas guatemaltecas y códigos de diseño internacional, lo cual garantiza que la<br/>comunidad reciba un proyecto seguro, funcional y confiable.
650 14 - PUNTO DE ACCESO ADICIONAL DE MATERIA--TÉRMINO DE MATERIA
Fuente del encabezamiento o término LEMB
Término de materia o nombre geográfico como elemento de entrada Santa Cruz Verapaz, Alta Verapaz.
Subdivisión general Ingeniería
-- Priorizar
-- Obra de Infrastructura
-- Puente Vehicular
-- Agua Potable
-- Planificación de obras
700 ## - ENTRADA AGREGADA--NOMBRE PERSONAL
Nombre de persona Inga. Civil. Sindry Yaneth Pacay Morales
Término indicativo de función/relación Asesor
856 ## - LOCALIZACIÓN Y ACCESO ELECTRÓNICOS
Identificador Uniforme de Recurso <a href="https://drive.google.com/file/d/1ZkGV4sf67yox0fouluat5GcYp2qUVPJz/view">https://drive.google.com/file/d/1ZkGV4sf67yox0fouluat5GcYp2qUVPJz/view</a>
Texto de enlace PDF
Nota pública Un ejemplar en línea.
942 ## - ELEMENTOS DE ENTRADA SECUNDARIOS (KOHA)
Fuente de la clasificación o esquema de estantería Clasificación Decimal Dewey
Tipo de ítem Koha TESIS
Parte de la signatura que identifica el ejemplar (Parte del ítem) TIC 0021
Prefijo de la signatura Clasificación
Suprimir en OPAC No
-- TIC_0021_000000000000000
Existencias
Estatus retirado Estado de pérdida Fuente de la clasificación o esquema de estantería Estado de daño No para préstamo Colección Biblioteca de origen Biblioteca actual Ubicación en estantería Fecha de adquisición Número de inventario Total de préstamos Signatura topográfica completa Código de barras Visto por última vez Precio de reemplazo Tipo de ítem Koha
    Clasificación Decimal Dewey     tesis BIBLIOTECA- CUNOR -JOSÉ LUIS GONZALES ROSALES BIBLIOTECA- CUNOR -JOSÉ LUIS GONZALES ROSALES Colección tesis 16/09/2025 TIC 0021   TIC 0021 TIC 0021 16/09/2025 16/09/2025 TESIS